Spomienka na vladyku Nikolaja napísali nám mladí pravoslávni veriaci z Krompách

Bibliographic Details
Format: Article
Language:Slovak
PhysicalDescription:Fotogr.
ISSN:0139-9012
Subjects:

MARC

LEADER 00000cab a2200000 a 4500
001 vtls009004648
003 SK-MaSNL
005 20260303065644.0
008 070703c2007 xo mr p 000 a0slo
015 |a SNBRB2007/07 
038 |a SVKPOCL 
040 |a SVKPOCL  |b slo  |c SVKPO  |e AACR2 
041 0 |a slo 
044 |a xo  |c SK 
080 |a 27-726.1  |2 2001 
080 |a 271-27  |2 2001 
080 |a 2-051  |2 2001 
080 |a 929 Nikolaj (metropolita)  |2 2001 
245 0 0 |a Spomienka na vladyku Nikolaja  |b napísali nám mladí pravoslávni veriaci z Krompách 
300 |b Fotogr. 
600 1 7 |a Nikolaj,  |c metropolita,  |d 1927-2006  |2 snkbucl  |9 850256 
610 2 7 |a Pravoslávna cirkev (Slovensko)  |2 svkpocl  |9 361858 
650 0 7 |a pravoslávne cirkvi  |z Slovensko  |2 svkpocl  |9 1032627 
650 0 7 |a náboženstvo  |2 svkpocl  |9 2023 
650 0 7 |a arcibiskupi  |2 svkpocl  |9 686 
650 0 7 |a spomienky  |2 svkpocl  |9 55795 
651 7 |a Prešov (Slovensko)  |2 svkpocl  |9 17347 
655 7 |a biografie  |2 svkpocl  |9 27965 
773 0 |t Odkaz sv. Cyrila a Metoda = Zapovit sv. Kyryla i Mefodija  |g Roč. LIII, č. 2 (2007), s. 16-17  |x 0139-9012 
852 |a SVKPO  |b KIS3GCP 
958 |a UK 
958 |a NT 
958 |a SK 
958 |a RN 
958 |a BX 
999 |c 1752067  |d 1753997